[Event "COL-chC"]
[Site "Bogota"]
[Date "2019.08.31"]
[Round "5"]
[White "Lozada Zuniga, Andres"]
[Black "Ramirez, Francisco Javier"]
[Result "1-0"]
[WhiteElo "1943"]
[BlackElo "1917"]
[PlyCount "65"]
[EventDate "2019.08.28"]
[EventType "swiss"]
[EventRounds "7"]
[EventCountry "COL"]
[SourceTitle "EXT 2020"]
[Source "ChessBase"]
[SourceDate "2019.10.17"]
[SourceVersion "1"]
[SourceVersionDate "2019.10.17"]
[SourceQuality "1"]

1. Nf3 Nf6 2. g3 d5 3. Bg2 c5 4. 0-0 Nc6 5. d4 cxd4 6. Nxd4 e5 7. Nxc6 bxc6 8. c4 h6 9. cxd5 cxd5 10. Nc3 Be6 11. Qa4+ Qd7 12. Qxd7+ Kxd7 13. Rd1 Kc6 14. Be3 Bb4 15. Rac1 Bxc3 16. Rxc3+ Kd7 17. Rdc1 Rhb8 18. Rc7+ Kd8 19. b3 a5 20. f4 e4 21. f5 Bd7 22. Bd4 Ne8 23. R7c5 Rb5 24. Rxb5 Bxb5 25. Rc5 Bxe2 26. Rxd5+ Kc7 27. Bxe4 Ra6 28. Rc5+ Kd7 29. Kf2 Bg4 30. Bd3 Rd6 31. Ke3 Nf6 32. Be5 Rd5 33. Bb5+ 1-0

[Event "COL-chC"]
[Site "Bogota"]
[Date "2019.08.29"]
[Round "2"]
[White "Lozada Zuniga, Andres"]
[Black "Lopez Ramirez, Daniel Giovanny"]
[Result "1-0"]
[WhiteElo "1943"]
[BlackElo "1681"]
[PlyCount "67"]
[EventDate "2019.08.28"]
[EventType "swiss"]
[EventRounds "7"]
[EventCountry "COL"]
[SourceTitle "EXT 2020"]
[Source "ChessBase"]
[SourceDate "2019.10.17"]
[SourceVersion "1"]
[SourceVersionDate "2019.10.17"]
[SourceQuality "1"]

1. g3 c5 2. Bg2 Nc6 3. c4 g6 4. Nc3 Bg7 5. e3 Nh6 6. h4 Nf5 7. h5 e6 8. Nge2 0-0 9. hxg6 fxg6 10. Rb1 Rb8 11. a3 Qe7 12. 0-0 Ne5 13. d3 b6 14. f4 Ng4 15. Rf3 Qd6 16. Nb5 Qe7 17. Nxa7 Bb7 18. e4 Nd4 19. Rf1 Ra8 20. Nb5 Nxb5 21. cxb5 Qd6 22. Kh1 h5 23. Qc2 h4 24. Bf3 Nh6 25. g4 e5 26. Qc4+ Qe6 27. Qxe6+ dxe6 28. Be3 exf4 29. Nxf4 Ra5 30. Nxe6 Rf7 31. Nxg7 Kxg7 32. Bd2 Rxb5 33. Be2 c4 34. Bxh6+ 1-0

[Event "COL-ch sf1"]
[Site "Medellin"]
[Date "2019.04.18"]
[Round "4"]
[White "Lozada Zuniga, Andres"]
[Black "Ojeda, Jesus David"]
[Result "1-0"]
[WhiteElo "1985"]
[BlackElo "2129"]
[PlyCount "37"]
[EventDate "2019.04.16"]
[EventType "swiss"]
[EventRounds "10"]
[EventCountry "COL"]
[SourceTitle "CBM 190 Extra"]
[Source "ChessBase"]
[SourceDate "2019.07.15"]
[SourceVersion "1"]
[SourceVersionDate "2019.07.15"]
[SourceQuality "1"]

1. Nf3 d5 2. g3 Nf6 3. Bg2 c5 4. 0-0 e6 5. c4 Be7 6. cxd5 Nxd5 7. Nc3 Nc6 8. d3 0-0 9. Bd2 b6 10. Rc1 Bb7 11. h4 h6 12. Qa4 f5 13. Rfd1 Bf6 14. a3 Qd7 15. b4 cxb4 16. Nxd5 exd5 17. axb4 Rfe8 18. b5 Nd8 19. Qf4 1-0

[Event "COL-ch U2000"]
[Site "Pereira"]
[Date "2019.03.25"]
[Round "9"]
[White "Villamizar, Diego Fernando"]
[Black "Lozada Zuniga, Andres"]
[Result "0-1"]
[WhiteElo "1900"]
[BlackElo "1985"]
[PlyCount "25"]
[EventDate "2019.03.21"]
[EventType "swiss"]
[EventRounds "9"]
[EventCountry "COL"]
[SourceTitle "CBM 189 Extra"]
[Source "ChessBase"]
[SourceDate "2019.06.03"]
[SourceVersion "1"]
[SourceVersionDate "2019.06.03"]
[SourceQuality "1"]

1. d4 Nf6 2. c4 g6 3. Nc3 d5 4. cxd5 Nxd5 5. e4 Nxc3 6. bxc3 Bg7 7. Bc4 c5 8. Be3 Qa5 9. Ne2 cxd4 10. Bxd4 Bxd4 11. Qxd4 0-0 12. 0-0 Nc6 13. Qe3 0-1

[Event "COL-ch U2000"]
[Site "Pereira"]
[Date "2019.03.24"]
[Round "7"]
[White "Lozada Zuniga, Andres"]
[Black "Jaramillo, Carlos Orlando"]
[Result "1-0"]
[WhiteElo "1985"]
[BlackElo "1893"]
[PlyCount "38"]
[EventDate "2019.03.21"]
[EventType "swiss"]
[EventRounds "9"]
[EventCountry "COL"]
[SourceTitle "CBM 189 Extra"]
[Source "ChessBase"]
[SourceDate "2019.06.03"]
[SourceVersion "1"]
[SourceVersionDate "2019.06.03"]
[SourceQuality "1"]

1. Nf3 Nf6 2. g3 b6 3. Bg2 Bb7 4. 0-0 g6 5. c4 Bg7 6. Nc3 0-0 7. d3 d6 8. Rb1 a5 9. a3 Nbd7 10. b4 axb4 11. axb4 e5 12. b5 Ra7 13. h3 e4 14. Nd4 Qa8 15. Nc6 Bxc6 16. bxc6 Qxc6 17. Nxe4 Nxe4 18. Bxe4 Qc5 19. Rb5 Qd4 1-0

[Event "COL-ch U2000"]
[Site "Pereira"]
[Date "2019.03.22"]
[Round "3"]
[White "Lozada Zuniga, Andres"]
[Black "Cordoba Rodriguez, Milton Dennis"]
[Result "1-0"]
[WhiteElo "1985"]
[BlackElo "1902"]
[PlyCount "46"]
[EventDate "2019.03.21"]
[EventType "swiss"]
[EventRounds "9"]
[EventCountry "COL"]
[SourceTitle "CBM 189 Extra"]
[Source "ChessBase"]
[SourceDate "2019.06.03"]
[SourceVersion "1"]
[SourceVersionDate "2019.06.03"]
[SourceQuality "1"]

1. Nf3 e6 2. g3 Nf6 3. Bg2 d5 4. c4 Be7 5. 0-0 Nbd7 6. b3 0-0 7. Bb2 c6 8. d3 b6 9. Qc2 Bb7 10. e4 Rc8 11. Nc3 Qc7 12. Rfe1 Rfd8 13. Rad1 Bc5 14. e5 Ng4 15. d4 Bb4 16. Ng5 Nf8 17. Qe2 Nh6 18. a3 Be7 19. Qh5 Ng6 20. Bc1 Ba6 21. Bf1 Bb7 22. Bh3 Qd7 23. Rd3 Rf8 1-0

[Event "Bogota AlphaZero op"]
[Site "Bogota"]
[Date "2018.08.18"]
[Round "3"]
[White "Celis Vargas, Walter Enrique"]
[Black "Lozada Zuniga, Andres"]
[Result "0-1"]
[WhiteElo "1689"]
[BlackElo "1928"]
[PlyCount "43"]
[EventDate "2018.08.17"]
[EventType "swiss"]
[EventRounds "7"]
[EventCountry "COL"]
[SourceTitle "CBM 186 Extra"]
[Source "ChessBase"]
[SourceDate "2018.08.24"]
[SourceVersion "1"]
[SourceVersionDate "2018.08.24"]
[SourceQuality "1"]

1. e4 e5 2. Nf3 Nc6 3. Bb5 Nf6 4. 0-0 Nxe4 5. d4 Nd6 6. Bxc6 dxc6 7. dxe5 Nf5 8. Qxd8+ Kxd8 9. Nc3 Ke8 10. h3 h5 11. Bf4 Be6 12. Rfd1 Be7 13. a4 a5 14. Ng5 Rh6 15. Nxe6 Rxe6 16. Rd3 h4 17. Rad1 Rd8 18. Ne4 Rxd3 19. Rxd3 f6 20. exf6 Rxe4 21. fxg7 Nxg7 22. Bxc7 0-1

[Event "COL-ch Superate-B"]
[Site "Bogota"]
[Date "2012.12.13"]
[Round "7.2"]
[White "Valencia, Cristian Johan"]
[Black "Lozada Zuniga, Andres"]
[Result "0-1"]
[WhiteElo "1933"]
[BlackElo "1917"]
[PlyCount "76"]
[EventDate "2012.12.11"]
[EventType "swiss"]
[EventRounds "7"]
[EventCountry "COL"]
[SourceTitle "EXT 2024"]
[Source "ChessBase"]
[SourceDate "2023.10.10"]
[SourceVersion "1"]
[SourceVersionDate "2023.10.10"]
[SourceQuality "1"]

1. e4 e5 2. Nf3 Nc6 3. Bb5 a6 4. Ba4 Nf6 5. 0-0 Be7 6. Re1 b5 7. Bb3 0-0 8. c3 d6 9. h3 Bb7 10. d3 Na5 11. Bc2 c5 12. Nbd2 Qc7 13. Nf1 Rac8 14. g4 Rfe8 15. Ng3 d5 16. Nf5 dxe4 17. dxe4 Bf8 18. g5 Nd7 19. h4 Rcd8 20. Qe2 c4 21. Be3 Nc5 22. Bxc5 Qxc5 23. h5 Bc6 24. N3h4 g6 25. Nh6+ Bxh6 26. gxh6 Qe7 27. Qg4 Rd2 28. Rac1 Qf6 29. Nf3 Rd6 30. Re3 Qf4 31. Qg2 Nb7 32. Ng5 Nc5 33. Rb1 f6 34. Nxh7 Qxh6 35. hxg6 f5 36. Rg3 Nxe4 37. Rd1 Nxg3 38. Qxg3 Qh1# 0-1

[Event "COL-ch Superate-B"]
[Site "Bogota"]
[Date "2012.12.12"]
[Round "5.1"]
[White "Lozada Zuniga, Andres"]
[Black "Hernandez Montes, Jhon Sebastian"]
[Result "1/2-1/2"]
[WhiteElo "1917"]
[BlackElo "1975"]
[PlyCount "102"]
[EventDate "2012.12.11"]
[EventType "swiss"]
[EventRounds "7"]
[EventCountry "COL"]
[SourceTitle "EXT 2024"]
[Source "ChessBase"]
[SourceDate "2023.10.10"]
[SourceVersion "1"]
[SourceVersionDate "2023.10.10"]
[SourceQuality "1"]

1. Nf3 Nf6 2. c4 b6 3. g3 e6 4. Bg2 Bb7 5. 0-0 Be7 6. Nc3 0-0 7. Qc2 d6 8. d4 Nbd7 9. e4 e5 10. Rd1 Qe8 11. h3 Qc8 12. Nd5 Re8 13. Bg5 exd4 14. Bxf6 Bxf6 15. Nxd4 g6 16. Nb5 Bd8 17. h4 a6 18. Nbc3 Nf8 19. h5 c6 20. Nf4 Qc7 21. hxg6 hxg6 22. Bf3 Bg5 23. Kg2 Qe7 24. Nfe2 b5 25. cxb5 axb5 26. a3 Rad8 27. Rd3 Ne6 28. b4 Bf6 29. a4 bxa4 30. Rxa4 Ng5 31. Bg4 Bxc3 32. Nxc3 c5 33. bxc5 Nxe4 34. Nxe4 Bxe4+ 35. Rxe4 Qxe4+ 36. Bf3 Qb4 37. c6 Re5 38. Rb3 Rc5 39. Qb2 Qa5 40. Rb7 Qe1 41. Qf6 Rf8 42. Re7 Re5 43. Rd7 Re6 44. Qd8 Ree8 45. Qc7 Qe5 46. Qxd6 Qxd6 47. Rxd6 Re7 48. Bg4 Ra8 49. Bd7 Ra7 50. Rd3 Rc7 51. Rb3 Rexd7 1/2-1/2

[Event "COL-ch U18"]
[Site "Yopal"]
[Date "2012.06.17"]
[Round "9"]
[White "Lozada Zuniga, Andres"]
[Black "Hernandez, Cristian Andres"]
[Result "1/2-1/2"]
[WhiteElo "1621"]
[BlackElo "2139"]
[PlyCount "46"]
[EventDate "2012.06.13"]
[EventType "tourn"]
[EventRounds "9"]
[EventCountry "COL"]
[SourceTitle "EXT 2014"]
[Source "ChessBase"]
[SourceDate "2013.11.20"]
[SourceVersion "1"]
[SourceVersionDate "2013.11.20"]
[SourceQuality "1"]

1. d4 d5 2. c4 c6 3. Nc3 Nf6 4. Nf3 a6 5. e3 b5 6. b3 Bf5 7. c5 Nbd7 8. Bd3 Bxd3 9. Qxd3 g6 10. 0-0 Bg7 11. Re1 0-0 12. Qc2 Qc7 13. Bb2 b4 14. Na4 Ne4 15. Nd2 Nxd2 16. Qxd2 a5 17. Rac1 Rab8 18. f3 Bh6 19. Qf2 Bg5 20. h4 Bh6 21. g4 f5 22. g5 Bg7 23. f4 h5 1/2-1/2